Southville International School and Colleges
Your cart is empty.
  • Cart
  • Lists
    Public lists Eva Luna New books Lux_list list_1
    Your lists Log in to create your own lists
  • Log in to your account
  • Your cookies
  • Search history
Southville International School and Colleges
  • Advanced search
  • Recent comments
  • Most popular
  • Libraries

Log in to your account

Log in with GOOGLE


If you do not have an external account, but do have a local account, you can still log in:

  1. Home
  2. MARC view: 7 kinds of smart
Normal view MARC view ISBD view

7 kinds of smart (Record no. 15110)

[ view plain ]
MARC details
000 -LEADER
fixed length control field 01645cam a22004094a 4500
001 - CONTROL NUMBER
control field 4522588
003 - CONTROL NUMBER IDENTIFIER
control field OSt
005 - DATE AND TIME OF LATEST TRANSACTION
control field 20140310182656.0
008 - FIXED-LENGTH DATA ELEMENTS--GENERAL INFORMATION
fixed length control field 990517s1999 nyu b 001 0 eng
010 ## - LIBRARY OF CONGRESS CONTROL NUMBER
LC control number 99034423
020 ## - INTERNATIONAL STANDARD BOOK NUMBER
International Standard Book Number 0452281377
040 ## - CATALOGING SOURCE
Original cataloging agency DLC
Transcribing agency DLC
Modifying agency DLC
042 ## - AUTHENTICATION CODE
Authentication code pcc
050 00 - LIBRARY OF CONGRESS CALL NUMBER
Classification number BF 431
Item number .Ar7351999
082 00 - DEWEY DECIMAL CLASSIFICATION NUMBER
Classification number M 153.9
--
Item number Ar5 1999
100 1# - MAIN ENTRY--PERSONAL NAME
Personal name Armstrong, Thomas.
245 10 - TITLE STATEMENT
Title 7 kinds of smart
Remainder of title identifying and developing your multiple intelligences
Statement of responsibility, etc Armstrong, Thomas
246 3# - VARYING FORM OF TITLE
Title proper/short title Seven kinds of smart
250 ## - EDITION STATEMENT
Edition statement Rev. and updated with information on 2 new kinds of smart.
260 ## - PUBLICATION, DISTRIBUTION, ETC. (IMPRINT)
Place of publication, distribution, etc New York :
Name of publisher, distributor, etc Plume,
Date of publication, distribution, etc 1999.
300 ## - PHYSICAL DESCRIPTION
Extent 304 p. ;
Dimensions 20 cm.
504 ## - BIBLIOGRAPHY, ETC. NOTE
Bibliography, etc Includes bibliographical references (p. 256-292) and index.
521 ## - TARGET AUDIENCE NOTE
Target audience note
526 ## - STUDY PROGRAM INFORMATION NOTE
Reading level 0L to 1700L
541 ## - IMMEDIATE SOURCE OF ACQUISITION NOTE
-- 1
562 ## - COPY AND VERSION IDENTIFICATION NOTE
Number of copies for circulation. 1 copy available in the collection
650 #0 - SUBJECT ADDED ENTRY--TOPICAL TERM
Topical term or geographic name as entry element Ability.
650 #0 - SUBJECT ADDED ENTRY--TOPICAL TERM
Topical term or geographic name as entry element Intellect.
650 #0 - SUBJECT ADDED ENTRY--TOPICAL TERM
Topical term or geographic name as entry element Typology (Psychology)
856 42 - ELECTRONIC LOCATION AND ACCESS
Materials specified Contributor biographical information
Uniform Resource Identifier <a href="http://www.loc.gov/catdir/enhancements/fy1207/99034423-b.html">http://www.loc.gov/catdir/enhancements/fy1207/99034423-b.html</a>
856 42 - ELECTRONIC LOCATION AND ACCESS
Materials specified Publisher description
Uniform Resource Identifier <a href="http://www.loc.gov/catdir/enhancements/fy1207/99034423-d.html">http://www.loc.gov/catdir/enhancements/fy1207/99034423-d.html</a>
856 41 - ELECTRONIC LOCATION AND ACCESS
Materials specified Table of contents only
Uniform Resource Identifier <a href="http://www.loc.gov/catdir/enhancements/fy1207/99034423-t.html">http://www.loc.gov/catdir/enhancements/fy1207/99034423-t.html</a>
906 ## - LOCAL DATA ELEMENT F, LDF (RLIN)
a 7
b cbc
c orignew
d 1
e ocip
f 19
g y-gencatlg
942 ## - ADDED ENTRY ELEMENTS (KOHA)
Source of classification or shelving scheme Library of Congress Classification
Koha item type Books
Call number prefix
Holdings
Withdrawn status Lost status Source of classification or shelving scheme Damaged status Home library Current library Shelving location Date acquired Total Checkouts Full call number Barcode Date last seen Date checked out Copy number Price effective from Koha item type
    Library of Congress Classification   College Library College Library General Circulation Section 04/18/2012 1 BF 431 .Ar735 1999 C1462 05/15/2018 03/10/2017 1 04/18/2012 Books

7 kinds of smart

APA

Armstrong T., . (1999). 7 kinds of smart. New York: Plume.

Chicago

Armstrong Thomas, . 1999. 7 kinds of smart. New York: Plume.

Harvard

Armstrong T., . (1999). 7 kinds of smart. New York: Plume.

MLA

Armstrong Thomas, . 7 kinds of smart. New York: Plume. 1999.

  • Place hold
  • Print
  • Cite
  • Add to your cart (remove)
  • Save record
    BIBTEX Dublin Core MARCXML MARC (non-Unicode/MARC-8) MARC (Unicode/UTF-8) MARC (Unicode/UTF-8, Standard) MODS (XML) RIS
  • More searches
    Search for this title in:
    Other Libraries (WorldCat) Other Databases (Google Scholar) Online Stores (Bookfinder.com) Open Library (openlibrary.org)

Exporting to Dublin Core...

SOUTHVILLE LIBRARY

Southville International School and Colleges Library

1281 Tropical Ave. Cor. Luxembourg St., BF Homes International, Las Pinas City

Tel. No. 8256374 / 252358 Loc. 117/146

Powered by Koha